Hellenism and empire : language, classicism, and power in the Greek world, AD 50-250

Saved in:
Bibliographic Details
Main Author: Swain, Simon
Format: Book
Language:English
Published: Oxford : Clarendon Press, Oxford University Press, 2003, 1996
Subjects:
Tags: Add Tag
No Tags, Be the first to tag this record!

MARC

LEADER 00000nam a2200000 i 4500
001 1/78515
008 080324r20031996 eng d
020 |a 0-19-815231-0 
035 |l 10095748 
040 |a GR-MY-UA  |b gre  |e aacr 
041 0 |a eng 
082 0 |a 880.9  |2 (22) 
100 1 |a Swain, Simon. 
245 1 0 |a Hellenism and empire :  |b language, classicism, and power in the Greek world, AD 50-250 /  |c Simon Swain 
260 |a Oxford :   |b Clarendon Press,   |b Oxford University Press,   |c 2003, 1996 
300 |a xii, 499 σ. ;  |c 22 εκ. 
500 |a Ανατύπωση του 2003 
504 |a Βιβλιογραφία: σ. [433]-474 
504 |a Ευρετήριο: σ. 475-499 
650 0 0 |a Greek literature, Hellenistic  |x History and criticism. 
650 0 0 |a Greek language, Hellenistic (300 B.C.-600 A.D.)  |x Social aspects  |z Greece. 
650 0 0 |a Politics and literature  |z Greece  |x History. 
650 0 0 |a Literature and society  |z Greece  |x History. 
650 0 0 |a Nationalism  |z Greece  |x Historiography. 
650 0 0 |a Civilization, Greco-Roman. 
650 0 0 |a Power (Social sciences) 
650 0 0 |a Imperialism. 
650 0 0 |a Classicism. 
650 0 0 |a Hellenism. 
651 0 |a Greece  |x Relations  |z Rome. 
651 0 |a Rome  |x Relations  |z Greece. 
852 |a INST  |b LESVOS  |e 20080324  |h 880.9 SWA  |p 005100039425  |q 005100039425  |t BK  |y 0 
901 |a BIBL1-2008-1 
909 |a Λ  |b 144695 
922 |a 1ΕΛΗ  |b 200712  |c ΕΠΕΑΕΚ2/ΤΚΑ  |d ΠΑΠΑΣΩΤΗΡΙΟΥ 
970 |a ΚΑΡΑ  |b ΓΙΑΣΕΜΗ  |z 2008/03/24